000 00468nam a2200181Ia 4500
001 17080
005 20260306170358.0
008 260306t2018||||xx |||||||||||||| ||und||
041 _aESP
082 _a657.45
_bL46
100 _aLeón Huayanca, Marysol
_eAUT
245 0 _aAuditoría tributaria preventiva y procedimiento de fiscalización
260 _c2018
300 _a767 páginas :
_c25 cm.
650 _aGEN
654 _aCCO
942 _cLIB
_dJUS
_fJUS
_2ddc
_n
999 _c17080
_d17080